Les clubs amateurs qui ont éliminé l'OM en Coupe de France - Statistiques

Statistiques générales
  • Ce quiz a été pris 3 146 fois
    3 007 depuis la dernière actualisation
  • Le résultat moyen est 2 sur 5
Statistiques - réponses
Saison Tour Score Club Division % Correct
2020-2021 1/16 1 - 2 Canet Roussillon FC National 2
60%
2018-2019 1/32 0 - 2 ASF Andrézieux-Bouthéon National 2
56%
2007-2008 1/8 0 - 1 USJA Carquefou CFA 2
44%
2011-2012 1/4 2 - 3 US Quevilly National
38%
2014-2015 1/32 3 - 3 Grenoble Foot 38 CFA
29%
Aucun quiz correspondant
Distribution des résultats
% des personnes avec chaque résultat
Percentile par nombre de réponses
Votre historique - résultats
Vous n’avez pas pris ce quiz depuis la dernière actualisation